Eastern Utah Libraries Catalog: Duchesne, Heber, Roosevelt, & Vernal

Artemis : (Record no. 314674)

MARC details
000 -LEADER
fixed length control field 05540cam a2200997 i 4500
001 - CONTROL NUMBER
control field ocn982437430
003 - CONTROL NUMBER IDENTIFIER
control field OCoLC
005 - DATE AND TIME OF LATEST TRANSACTION
control field 20200320214203.0
008 - FIXED-LENGTH DATA ELEMENTS--GENERAL INFORMATION
fixed length control field 171122t20172017nyub 000 f eng d
010 ## - LIBRARY OF CONGRESS CONTROL NUMBER
LC control number 2017478129
019 ## -
-- 982237335
-- 982344126
-- 982628468
-- 1008964821
-- 1012329453
-- 1012830818
020 ## - INTERNATIONAL STANDARD BOOK NUMBER
International Standard Book Number 9780553448122
Qualifying information (hardcover)
020 ## - INTERNATIONAL STANDARD BOOK NUMBER
International Standard Book Number 0553448129
Qualifying information (hardcover)
020 ## - INTERNATIONAL STANDARD BOOK NUMBER
International Standard Book Number 9780525572664
Qualifying information (International edition)
020 ## - INTERNATIONAL STANDARD BOOK NUMBER
International Standard Book Number 052557266X
Qualifying information (International edition)
020 ## - INTERNATIONAL STANDARD BOOK NUMBER
Cancelled/invalid ISBN 9780553448139
Qualifying information (ebook)
020 ## - INTERNATIONAL STANDARD BOOK NUMBER
International Standard Book Number 9780091956950
020 ## - INTERNATIONAL STANDARD BOOK NUMBER
International Standard Book Number 0091956951
020 ## - INTERNATIONAL STANDARD BOOK NUMBER
International Standard Book Number 9780091956943
020 ## - INTERNATIONAL STANDARD BOOK NUMBER
International Standard Book Number 0091956943
020 ## - INTERNATIONAL STANDARD BOOK NUMBER
Terms of availability 27.00
029 1# - (OCLC)
OCLC library identifier AU@
System control number 000060666470
029 1# - (OCLC)
OCLC library identifier AU@
System control number 000061232846
029 1# - (OCLC)
OCLC library identifier CHBIS
System control number 010962049
029 1# - (OCLC)
OCLC library identifier CHSGL
System control number 001401225
029 1# - (OCLC)
OCLC library identifier CHVBK
System control number 50011286X
029 1# - (OCLC)
OCLC library identifier CHVBK
System control number 503272485
029 1# - (OCLC)
OCLC library identifier GBVCP
System control number 1006211500
035 ## - SYSTEM CONTROL NUMBER
System control number (OCoLC)982437430
Canceled/invalid control number (OCoLC)982237335
-- (OCoLC)982344126
-- (OCoLC)982628468
-- (OCoLC)1008964821
-- (OCoLC)1012329453
-- (OCoLC)1012830818
037 ## - SOURCE OF ACQUISITION
Source of stock number/acquisition Random House Inc, Attn Order Entry 400 Hahn rd, Westminster, MD, USA, 21157
Note SAN 201-3975
040 ## - CATALOGING SOURCE
Original cataloging agency YDX
Language of cataloging eng
Description conventions rda
Transcribing agency DLC
Modifying agency BDX
-- WIM
-- OCLCF
-- HQD
-- TXB
-- IZ2
-- YDX
-- WPLBT
-- IUK
-- CHILD
-- VP@
-- CO2
-- ZHB
-- TXCVP
-- TXN
-- DAD
-- PCX
-- TCH
-- JAI
-- NDS
-- OCL
-- TWS
-- OCL
-- WVU
-- YXV
-- JENTD
-- TXKYL
-- TXSWM
-- TXGPL
-- TXLMP
-- CG4
-- TYPML
-- ACP
-- MWD
-- DAC
-- Y#4
-- XFF
-- UNVSL
-- TXOLT
-- EOS
-- FWR
-- TAW
-- TXSVP
-- TXBNC
-- TXMEN
-- ROC
-- ZCU
-- T3L
-- VLP
-- NFR
-- VAX
-- M$K
-- IBI
-- TXGCL
-- TXMBL
-- TXMLR
-- NMW
-- KYB
-- MDS
-- ISX
-- FZL
-- K#T
-- MYL
-- TXHLC
-- FYO
-- FJD
-- FHF
-- FYM
-- NEPCL
-- B@N
-- LCO
-- MNS
-- KJ6
-- CLMPL
-- QT4
-- KK7
-- KL8
-- QH8
-- JOHCL
-- GILDS
-- KYC
-- P@N
-- KZG
-- ON8
-- TE7
-- XK4
-- OI6
-- OJ4
-- OY4
-- YKC
-- IGA
-- DUNPL
-- OCLCQ
-- UM8
-- ZAX
-- TXCJR
-- HWARD
-- IOK
-- JO6
-- KSU
-- OSU
-- NCC
-- OCLCQ
-- VI#
-- C5U
-- VKC
-- TX5
-- M3C
-- WUO
-- JI2
-- JH2
-- TXSCH
-- IPU
-- OCL
-- OCLCA
-- OVY
-- OCLCQ
-- QNC
-- GK8
-- M4L
-- TKN
-- CSA
-- RCL
-- NZOPM
-- MUO
-- BOS
-- CUY
-- FTX
-- HCO
-- FQG
-- OCK
-- SPP
-- COD
-- NZHWP
-- CPS
-- CGP
-- OCLCQ
-- DV1
-- SJG
-- YCP
-- FSS
-- XFG
-- MDK
-- T7A
-- JO2
-- TME
-- OCLCO
-- T9K
-- S#L
-- OCLCQ
-- PEX
-- WYZ
-- PLS
-- NTG
-- FIC
-- M@S
-- INT
-- HLNDP
-- QS7
-- ALV
-- VN#
-- MHH
-- JDP
-- KI2
-- VAN
-- KE7
-- PORTN
-- WFB
-- BENPL
-- BPE
-- T3H
-- T3D
-- KNM
-- BGU
-- T3V
-- YU6
-- WNL
-- OCLCQ
-- OCLCO
-- AU@
-- WACOL
042 ## - AUTHENTICATION CODE
Authentication code lccopycat
043 ## - GEOGRAPHIC AREA CODE
Geographic area code zmo----
049 ## - LOCAL HOLDINGS (OCLC)
Holding library WACL
050 00 - LIBRARY OF CONGRESS CALL NUMBER
Classification number PS3623.E4324494
Item number A78 2017
082 04 - DEWEY DECIMAL CLASSIFICATION NUMBER
Classification number 813/.6
Edition number 23
084 ## - OTHER CLASSIFICATION NUMBER
Classification number FIC028010
-- FIC028020
-- FIC030000
Source of number bisacsh
092 ## - LOCALLY ASSIGNED DEWEY CALL NUMBER (OCLC)
Classification number F
Item number Wei
100 1# - MAIN ENTRY--PERSONAL NAME
Personal name Weir, Andy,
Relator term author.
9 (RLIN) 5675154
245 10 - TITLE STATEMENT
Title Artemis :
Remainder of title a novel /
Statement of responsibility, etc Andy Weir.
250 ## - EDITION STATEMENT
Edition statement First edition.
264 #4 - Production, Publication, Distribution, Manufacture, and Copyright Notice.
Date of production, publication, distribution, manufacture, or copyr ©2017
264 #1 - Production, Publication, Distribution, Manufacture, and Copyright Notice.
Place of production, publication, distribution, manufacture New York :
Name of producer, publisher, distributor, manufacturer Crown,
Date of production, publication, distribution, manufacture, or copyr [2017]
300 ## - PHYSICAL DESCRIPTION
Extent 305 pages :
Other physical details maps ;
Dimensions 25 cm
336 ## - Content Type
Content type term text
337 ## - Media type
Media type term unmediated
338 ## - Carrier type
Carrier type term volume
380 ## -
-- Fiction
520 ## - SUMMARY, ETC.
Summary, etc "Jazz Bashara is a criminal. Well, sort of. Life on Artemis, the first and only city on the moon, is tough if you're not a rich tourist or an eccentric billionaire. So smuggling in the occasional harmless bit of contraband barely counts, right? Not when you've got debts to pay and your job as a porter barely covers the rent. Everything changes when Jazz sees the chance to commit the perfect crime, with a reward too lucrative to turn down. But pulling off the impossible is just the start of her problems, as she learns that she's stepped square into a conspiracy for control of Artemis itself--and that now, her only chance at survival lies in a gambit even riskier than the first"--Summary from author's web page.
521 ## - TARGET AUDIENCE NOTE
Target audience note Fiction
Source , gift
650 #0 - SUBJECT ADDED ENTRY--TOPICAL TERM
Topical term or geographic name as entry element Smuggling
Form subdivision Fiction.
9 (RLIN) 5683737
650 #0 - SUBJECT ADDED ENTRY--TOPICAL TERM
Topical term or geographic name as entry element Conspiracies
Form subdivision Fiction.
9 (RLIN) 5673860
651 #0 - SUBJECT ADDED ENTRY--GEOGRAPHIC NAME
Geographic name Moon
Form subdivision Fiction.
9 (RLIN) 5685534
650 #1 - SUBJECT ADDED ENTRY--TOPICAL TERM
Topical term or geographic name as entry element Smuggling
Form subdivision Fiction.
9 (RLIN) 5683737
650 #7 - SUBJECT ADDED ENTRY--TOPICAL TERM
Topical term or geographic name as entry element FICTION
General subdivision Science Fiction
-- Action & Adventure.
Source of heading or term bisacsh
9 (RLIN) 5987337
650 #7 - SUBJECT ADDED ENTRY--TOPICAL TERM
Topical term or geographic name as entry element FICTION
General subdivision Science Fiction
-- Hard Science Fiction.
Source of heading or term bisacsh
9 (RLIN) 5987338
650 #7 - SUBJECT ADDED ENTRY--TOPICAL TERM
Topical term or geographic name as entry element FICTION
General subdivision Thrillers
-- Suspense.
Source of heading or term bisacsh
9 (RLIN) 5987339
650 #7 - SUBJECT ADDED ENTRY--TOPICAL TERM
Topical term or geographic name as entry element Conspiracies.
Source of heading or term fast
-- (OCoLC)fst00875715
9 (RLIN) 5987340
650 #7 - SUBJECT ADDED ENTRY--TOPICAL TERM
Topical term or geographic name as entry element Science fiction.
Source of heading or term fast
-- (OCoLC)fst01108566
9 (RLIN) 5987341
650 #7 - SUBJECT ADDED ENTRY--TOPICAL TERM
Topical term or geographic name as entry element Smuggling.
Source of heading or term fast
-- (OCoLC)fst01121775
9 (RLIN) 5987342
650 #7 - SUBJECT ADDED ENTRY--TOPICAL TERM
Topical term or geographic name as entry element Suspense fiction.
Source of heading or term fast
-- (OCoLC)fst01139687
9 (RLIN) 5987343
651 #7 - SUBJECT ADDED ENTRY--GEOGRAPHIC NAME
Geographic name Moon.
Source of heading or term fast
-- (OCoLC)fst01240375
9 (RLIN) 5987344
651 #7 - SUBJECT ADDED ENTRY--GEOGRAPHIC NAME
Geographic name Moon
Form subdivision Fiction.
Source of heading or term sears
9 (RLIN) 5685534
650 #7 - SUBJECT ADDED ENTRY--TOPICAL TERM
Topical term or geographic name as entry element Smuggling
Form subdivision Fiction.
Source of heading or term sears
9 (RLIN) 5683737
650 #7 - SUBJECT ADDED ENTRY--TOPICAL TERM
Topical term or geographic name as entry element Conspiracies
Form subdivision Fiction.
Source of heading or term sears
9 (RLIN) 5673860
655 #4 - INDEX TERM--GENRE/FORM
Genre/form data or focus term Science fiction.
9 (RLIN) 5987345
655 #7 - INDEX TERM--GENRE/FORM
Genre/form data or focus term Fiction.
Source of term fast
-- (OCoLC)fst01423787
9 (RLIN) 5673940
655 #7 - INDEX TERM--GENRE/FORM
Genre/form data or focus term Science fiction.
Source of term fast
-- (OCoLC)fst01726489
9 (RLIN) 5987345
655 #7 - INDEX TERM--GENRE/FORM
Genre/form data or focus term Thrillers (Fiction)
Source of term fast
-- (OCoLC)fst01726755
9 (RLIN) 5697221
655 #7 - INDEX TERM--GENRE/FORM
Genre/form data or focus term Science fiction.
Source of term gsafd
9 (RLIN) 5987345
655 #7 - INDEX TERM--GENRE/FORM
Genre/form data or focus term Science fiction.
Source of term lcgft
9 (RLIN) 5987345
655 #7 - INDEX TERM--GENRE/FORM
Genre/form data or focus term Thrillers (Fiction)
Source of term lcgft
9 (RLIN) 5697221
655 #7 - INDEX TERM--GENRE/FORM
Genre/form data or focus term Novels.
Source of term lcgft
9 (RLIN) 5987346
655 #7 - INDEX TERM--GENRE/FORM
Genre/form data or focus term Science fiction.
Source of term sears
9 (RLIN) 5987345
655 #7 - INDEX TERM--GENRE/FORM
Genre/form data or focus term Thriller fiction.
Source of term tlcgt
9 (RLIN) 5704995
856 42 - ELECTRONIC LOCATION AND ACCESS
Public note Additional information at Google Books
Uniform Resource Identifier <a href="http://books.google.com/books?isbn=9780553448122">http://books.google.com/books?isbn=9780553448122</a>
856 42 - ELECTRONIC LOCATION AND ACCESS
Uniform Resource Identifier <a href="http://iplstaff.blogspot.com/2017/11/artemis-by-andy-weir-sf-wei.html">http://iplstaff.blogspot.com/2017/11/artemis-by-andy-weir-sf-wei.html</a>
Public note Staff Review
938 ## -
-- Brodart
-- BROD
-- 119690438
938 ## -
-- Baker and Taylor
-- BTCP
-- BK0020614889
938 ## -
-- Children's Plus, Inc.
-- CHIL
-- 2054005
938 ## -
-- YBP Library Services
-- YANK
-- 13968527
942 ## - ADDED ENTRY ELEMENTS (KOHA)
Koha item type BOOK
948 ## - LOCAL PROCESSING INFORMATION (OCLC); SERIES PART DESIGNATOR (RLIN)
Series part designator, SPT (RLIN) 11/05/2018
z (OCLC) Sirsi
994 ## -
-- C0
-- WACOL
996 ## -
-- 157488
-- 34301001615253
-- F
-- bk
-- wcl
-- o
-- 4
-- 27.00
-- gift
-- Wei
-- 11/07/2018
-- 12/14/2019
-- 03/03/2020
Holdings
Withdrawn status Lost status Source of classification or shelving scheme Damaged status Not for loan Collection code Home library Current library Shelving location Date acquired Source of acquisition Cost, normal purchase price Total Checkouts Total Renewals Full call number Barcode Checked out Date last seen Date checked out Cost, replacement price Price effective from Koha item type
    Dewey Decimal Classification     Fiction Wasatch County Library Wasatch County Library First Floor 11/07/2018 Donation 27.00 24 22 F Weir 34301001615253 04/06/2026 02/04/2026 02/04/2026 27.00 03/20/2020 BOOK
This project was made possible through a grant from the Institute of Museum and Library Service administered by the Utah State Library Division.

Wasatch County Library

  • 465 East 1200 South, Heber City, Utah 84032
  • Phone 435-654-1511 | Fax 435-654-6456

Hours

  • Monday - Friday 9:30 AM - 8:00 PM
  • Saturday 9:30 AM - 1:30 PM
  • Closed Sundays and Holidays